000
00343nam a2200145 a 4500
999
_c
23567
_d
23567
005
20240214075545.0
008
101209s1991|||| d
020
_c
10
040
_c
sl
041
_a
slo
044
_a
xo
_c
SK
100
1
_a
Kandráčová, Monika
_9
3896
245
1
0
_a
Dze ši, Sosňičko, rosla
260
_b
A.R.I.
_a
Prešov
_c
1991